| 000 | 00450nam a22001577a 4500 | ||
|---|---|---|---|
| 005 | 20251108172819.0 | ||
| 008 | 250721s2004 xx 000 0 ara d | ||
| 082 | 1 | 4 | _a133.5/عور |
| 100 | 1 | _aالعورتاني، هديل شوقي | |
| 245 | 1 | 0 | _aموسوعة الأبراج / |
| 264 | 1 |
_aعمان : _bدار صفاء للنشر والتوزيع، _c2004. |
|
| 300 | _a252 ص | ||
| 650 | 1 | 7 | _aالتنجيم |
| 942 |
_2ddc _cBK |
||
| 999 |
_c89124 _d89124 |
||